00485nam a2200181Ia 4500003000900000008004100009040001300050040001300063041000800076100001900084245008800103250001800191260001700209260000900226300001200235490005000247490000600297IT-RoPAU120407s9999 xx 000 0 und d aIT-RoPAU cIT-RoPAU aita aAldo Borlenghi aNarratori dell’Ottocento e del primo Novecento. A cura di Aldo Borlenghi. 5 voll. aMilano-Napoli aR. Ricciardi c1961 c22,5 cm aLa letteratura italiana. Storia e Testi, 64/1 v5